| 000 | 00686nam a2200217Ia 4500 | ||
|---|---|---|---|
| 001 | 4968 | ||
| 003 | GE_BSU | ||
| 008 | 181216s||||||||xx |||||||||||||| ||und|| | ||
| 040 | _cGE_BSU | ||
| 080 | _a514(072) | ||
| 100 | _aБарыбин К.С. | ||
| 245 | _aСборник геометрических задач на доказательство. | ||
| 245 | _bпособие для учителей. | ||
| 245 | _cРед. С.В. Пазельский. | ||
| 260 | _aМосква | ||
| 260 | _bУчпедгиз | ||
| 260 | _c1952 | ||
| 300 | _a151 с. 23 см. | ||
| 653 | _aСборник геометрических задач на доказательство. | ||
| 942 | _cBK | ||
| 999 |
_c38704 _d38704 |
||